| 000 | 00000nam##2200000za#4500 |
| 001 | 9.648397 |
| 003 | CaOODSP |
| 005 | 20200330092146 |
| 007 | ta |
| 008 | 150407|2001||||xxc||||| f|0| 0 eng|d |
| 020 | |a0-662-31332-1 |
| 040 | |aCaOODSP|beng |
| 043 | |an-cn--- |
| 086 | 1 |aE2-436/2001E |
| 110 | 1 |aCanada.|bForeign Affairs and International Trade. |bCanadian Centre for Foreign Policy Development. |
| 245 | 10|aReport from the Roundtable on Economic and Social Issues in Africa / |cby Marketa Geislerova. |
| 260 | |aOttawa - Ontario : |bForeign Affairs and International Trade. |c2001. |
| 300 | |a12p. ; |c28 cm. |
| 563 | |aSoftcover |
| 590 | |a02-34|b2002-08-23 |
| 690 | 07|aEconomic development|2gcpds |
| 690 | 07|aForeign policy|2gcpds |
| 690 | 07|aMeetings|2gcpds |
| 690 | 07|aSocial development|2gcpds |
| 720 | 1 |aGeislerova, Marketa |
| 776 | 0#|tReport from the Roundtable on Economic and Social Issues in Africa (November 15, 2001) / |w(CaOODSP)9.686266 |